[Event "BILL WALTON MEMORIAL"]
[Site "SchemingMind.com"]
[Date "2024.06.04"]
[Round "-"]
[White "Steven DuCharme"]
[Black "Thomas Jacob Kelly"]
[Result "0-1"]
[WhiteCountry "USA"]
[BlackCountry "USA"]
[WhiteElo "1520"]
[WhiteRD "54"]
[BlackElo "1765"]
[BlackRD "85"]
[GameID "744993"]

1. Nf3 Nf6 2. g3 d5 3. Bg2 c5 4. O-O g6 5. b3 Bg7 6. Bb2 O-O 7. d3 Nc6 8. Nbd2 Qc7 9. e4 d4 10. c3 e5
11. Rc1 Nd7 12. cxd4 cxd4 13. h4 Rd8 14. Bh3 b5 15. Qc2 Bb7 16. Bxd7 Qxd7 17. Kg2 Nb4 18. Qb1 Bh6 19. a3 Nc6 20. Rc5 f6
21. Rxb5 Qe7 22. b4 Rac8 23. Nb3 Ba6 24. Rc5 Qe6 25. Qc2 Bf8 26. Rxc6 Rxc6 27. Qxc6 Qxc6 28. Rc1 Qe6
0-1

[Event "BILL WALTON MEMORIAL"]
[Site "SchemingMind.com"]
[Date "2024.06.04"]
[Round "-"]
[White "Thomas Jacob Kelly"]
[Black "Steven DuCharme"]
[Result "1-0"]
[WhiteCountry "USA"]
[BlackCountry "USA"]
[WhiteElo "1765"]
[WhiteRD "85"]
[BlackElo "1520"]
[BlackRD "54"]
[GameID "744994"]

1. e4 c6 2. d4 d5 3. e5 Bf5 4. h4 h6 5. g4 Bg6 6. h5 Bh7 7. Nc3 e6 8. Rh3 Nd7 9. f4 Be7 10. Nf3 b5
11. g5 a6 12. Rg3 Nb6 13. a3 Be4 14. Be3 Bxf3 15. Qxf3 Nc4 16. Bxc4 bxc4 17. Ke2 Qb6 18. b4 Qd8 19. Rag1 Kf8 20. f5 exf5
21. Qxf5 Qc8 22. Qf3 hxg5 23. Bxg5 Bxg5 24. Rxg5 Rh7 25. Rf1 Qe6 26. Rg6
1-0

[Event "BILL WALTON MEMORIAL"]
[Site "SchemingMind.com"]
[Date "2024.06.07"]
[Round "-"]
[White "Steven DuCharme"]
[Black "Derek Price"]
[Result "0-1"]
[WhiteCountry "USA"]
[BlackCountry "ENG"]
[WhiteElo "1551"]
[WhiteRD "53"]
[BlackElo "2412"]
[BlackRD "81"]
[GameID "745036"]

1. b3 e5 2. Bb2 Nc6 3. g3 d5 4. Bg2 Nf6 5. Nf3 Bd6 6. O-O O-O 7. d3 Re8 8. Nbd2 a5 9. a4 Qe7 10. h3 e4
11. dxe4 dxe4 12. Nd4 Nxd4 13. Bxd4 e3 14. Bxe3 Bxg3
0-1

[Event "BILL WALTON MEMORIAL"]
[Site "SchemingMind.com"]
[Date "2024.06.07"]
[Round "-"]
[White "Derek Price"]
[Black "Steven DuCharme"]
[Result "1-0"]
[WhiteCountry "ENG"]
[BlackCountry "USA"]
[WhiteElo "2412"]
[WhiteRD "81"]
[BlackElo "1551"]
[BlackRD "53"]
[GameID "745037"]

1. c4 Nf6 2. g3 d5 3. cxd5 Nxd5 4. Bg2 e6 5. Nf3 Be7 6. O-O O-O 7. d4 b6 8. Re1 Bb7 9. e4 Nf6 10. Nc3 Nbd7
11. Bf4 a6 12. Qc2 c5 13. d5 exd5 14. exd5 Nxd5 15. Nxd5 Bxd5 16. Rad1 Bc6 17. Ne5
1-0

[Event "BILL WALTON MEMORIAL"]
[Site "SchemingMind.com"]
[Date "2024.06.07"]
[Round "-"]
[White "Derek Price"]
[Black "Thomas Jacob Kelly"]
[Result "1-0"]
[WhiteCountry "ENG"]
[BlackCountry "USA"]
[WhiteElo "2412"]
[WhiteRD "81"]
[BlackElo "1790"]
[BlackRD "79"]
[GameID "745038"]

1. c4 c6 2. g3 d6 3. Bg2 g6 4. Nc3 Nf6 5. Nf3 Bg7 6. O-O O-O 7. d4 Bf5 8. Ne1 d5 9. Qb3 Nfd7 10. cxd5 Bxd4
11. Qxb7 Nb6 12. dxc6 Bxc3 13. bxc3 Bc8 14. c7 Qd6 15. cxb8=Q Rxb8 16. Qxa7 Nc4 17. Qd4 Qe6 18. e4 Bd7 19. Bh6
1-0

[Event "BILL WALTON MEMORIAL"]
[Site "SchemingMind.com"]
[Date "2024.06.07"]
[Round "-"]
[White "Thomas Jacob Kelly"]
[Black "Derek Price"]
[Result "0-1"]
[WhiteCountry "USA"]
[BlackCountry "ENG"]
[WhiteElo "1800"]
[WhiteRD "83"]
[BlackElo "2422"]
[BlackRD "66"]
[GameID "745039"]

1. e4 c5 2. Nf3 d6 3. d4 cxd4 4. Nxd4 Nf6 5. Nc3 a6 6. Be3 e5 7. Nb3 Be6 8. f3 h5 9. Qd2 Nbd7 10. Be2 Rc8
11. O-O Be7 12. a4 Nb6 13. a5 Nc4 14. Bxc4 Rxc4 15. Na4 Qc7 16. Rfc1 O-O 17. Nb6 Rc6 18. Ra4 Bxb3 19. cxb3 Rxc1+ 20. Qxc1 Qxc1+
21. Bxc1 d5 22. b4 dxe4 23. Bg5 exf3 24. gxf3 Rd8 25. Nc4 Rd5 26. Bd2 e4 27. fxe4 Nxe4 28. Bc3 Nxc3 29. bxc3 Bf6
0-1

[Event "BILL WALTON MEMORIAL"]
[Site "SchemingMind.com"]
[Date "2024.06.06"]
[Round "-"]
[White "Steven DuCharme"]
[Black "The Stonewall"]
[Result "0-1"]
[WhiteCountry "USA"]
[BlackCountry "ENG"]
[WhiteElo "1520"]
[WhiteRD "54"]
[BlackElo "2229"]
[BlackRD "73"]
[GameID "745136"]

1. g3 g6 2. Bg2 Bg7 3. c3 d6 4. d4 Nf6 5. e4 O-O 6. Ne2 c6 7. O-O Nbd7 8. Nd2 Qc7 9. h3 b6 10. f4 e5
11. f5 Ba6 12. Rf2 Rae8 13. g4 g5 14. a4 d5 15. Qc2 dxe4 16. Nxe4 exd4 17. Nxf6+ Bxf6 18. c4 Qd6 19. Qd3 Nc5 20. Qg3 Be5
0-1

[Event "BILL WALTON MEMORIAL"]
[Site "SchemingMind.com"]
[Date "2024.06.07"]
[Round "-"]
[White "The Stonewall"]
[Black "Steven DuCharme"]
[Result "1-0"]
[WhiteCountry "ENG"]
[BlackCountry "USA"]
[WhiteElo "2220"]
[WhiteRD "71"]
[BlackElo "1551"]
[BlackRD "53"]
[GameID "745137"]

1. e4 d6 2. d4 Nf6 3. Nc3 Nbd7 4. Nf3 a6 5. e5 dxe5 6. dxe5 Ng4 7. e6 fxe6 8. Ng5 Ndf6 9. Qxd8+ Kxd8 10. Nf7+ Ke8
11. Nxh8 g6 12. h3 Ne5 13. Bf4 Nc6 14. Bxc7 Bg7 15. Nxg6 hxg6 16. O-O-O Bh6+ 17. Kb1 Bd7 18. Na4 Rc8 19. Bg3 Nd5 20. Nc5 Nd8
21. Nxd7 Kxd7 22. c4 Ke8 23. cxd5 exd5 24. Bd3 Kf7 25. h4 Nc6 26. h5
1-0

[Event "BILL WALTON MEMORIAL"]
[Site "SchemingMind.com"]
[Date "2024.06.10"]
[Round "-"]
[White "Derek Price"]
[Black "The Stonewall"]
[Result "1/2-1/2"]
[WhiteCountry "ENG"]
[BlackCountry "ENG"]
[WhiteElo "2422"]
[WhiteRD "66"]
[BlackElo "2244"]
[BlackRD "69"]
[GameID "745138"]

1. c4 g6 2. Nf3 Bg7 3. g3 d6 4. Nc3 e5 5. Bg2 f5 6. d3 Nf6 7. O-O O-O 8. Rb1 a5 9. a3 h6 10. b4 axb4
11. axb4 Be6 12. b5 Qc8 13. Qb3 Nbd7 14. Ba3 Nb6 15. Nd2 Ra7 16. Rfc1 Qd7 17. Bb4 Rfa8 18. Qd1 g5 19. c5 Nbd5 20. cxd6 Nxb4
21. dxc7 Nbd5 22. b6 Ra3 23. Nxd5 Nxd5 24. Nc4 R3a6 25. e4 fxe4 26. dxe4 Ne7 27. Qxd7 Bxd7 28. Rd1 Be6 29. Nd6 Nc8 30. Nxb7 Rxb6
31. Nc5 Bg4 32. Rxb6= Nxb6 33. Bf3 Bh3 34. Be2 Ra5 35. Nb3 Ra7 36. g4 Rxc7 37. Rd3 Bxg4 38. Bxg4 Na4 39. Kg2 Kf7=
1/2-1/2

[Event "BILL WALTON MEMORIAL"]
[Site "SchemingMind.com"]
[Date "2024.06.10"]
[Round "-"]
[White "The Stonewall"]
[Black "Derek Price"]
[Result "0-1"]
[WhiteCountry "ENG"]
[BlackCountry "ENG"]
[WhiteElo "2239"]
[WhiteRD "72"]
[BlackElo "2450"]
[BlackRD "65"]
[GameID "745139"]

1. e4 c5 2. Nf3 d6 3. d4 cxd4 4. Nxd4 Nf6 5. Nc3 a6 6. g3 e5 7. Nde2 Be7 8. Bg2 O-O 9. O-O Nbd7 10. Nd5 Nxd5
11. Qxd5 Nf6 12. Qd3 b5 13. Nc3 Be6 14. Nd5 Nxd5 15. exd5 Bd7 16. f4 exf4 17. Bxf4 b4 18. Rfe1 Bf6 19. Rab1 Qc7 20. Be4 g6
21. a3 a5 22. Kg2 Bg7 23. axb4 axb4 24. Qb3 Rfb8 25. Ra1 Rxa1 26. Rxa1 Bb5 27. Bf3 Bd4 28. Rd1 Bc5 29. Re1 Qa5 30. g4 Qa6
31. Be4 Bf1+ 32. Kg3 Bb5 33. h3 Qa7 34. Qf3 Qa2 35. b3 Re8 36. Bg5= Qb2 37. c4 Bd7 38. Bf6 Bd4 39. Re2 Qa1 40. Bxd4 Qxd4
41. Qd3 Qe5+ 42. Kg2 h5 43. Bf3 Qg5 44. Rxe8+ Bxe8 45. Kf2 Bd7 46. Qd4 Qh4+ 47. Kg2 f5 48. Qf4 hxg4 49. Be2 gxh3+
0-1

[Event "BILL WALTON MEMORIAL"]
[Site "SchemingMind.com"]
[Date "2024.06.06"]
[Round "-"]
[White "The Stonewall"]
[Black "Thomas Jacob Kelly"]
[Result "1-0"]
[WhiteCountry "ENG"]
[BlackCountry "USA"]
[WhiteElo "2229"]
[WhiteRD "73"]
[BlackElo "1765"]
[BlackRD "85"]
[GameID "745140"]

1. e4 c5 2. c3 Nf6 3. e5 Nd5 4. d4 cxd4 5. Nf3 d6 6. cxd4 Nc6 7. Bc4 e6 8. O-O Be7 9. Qe2 O-O 10. Nc3 Nxc3
11. bxc3 dxe5 12. dxe5 Qa5 13. Bd2 Rd8 14. Rfe1 Rb8 15. Bd3 Qa3 16. Qe4 g6 17. Reb1 Na5 18. Bg5 b6 19. Qh4 Bxg5 20. Nxg5 h5
21. Be2 Nc6 22. Bxh5 Nxe5 23. Bxg6 fxg6 24. Qh7+ Kf8 25. Rd1 Bd7 26. Rd4 Qxc3 27. Rf4+ Ke8 28. Rd1 Rbc8 29. Qg8+
1-0

[Event "BILL WALTON MEMORIAL"]
[Site "SchemingMind.com"]
[Date "2024.06.06"]
[Round "-"]
[White "Thomas Jacob Kelly"]
[Black "The Stonewall"]
[Result "0-1"]
[WhiteCountry "USA"]
[BlackCountry "ENG"]
[WhiteElo "1765"]
[WhiteRD "85"]
[BlackElo "2229"]
[BlackRD "73"]
[GameID "745141"]

1. e4 g6 2. d4 Bg7 3. Nc3 c6 4. f4 d5 5. e5 Nh6 6. Be2 f6 7. Be3 O-O 8. Nf3 Bg4 9. Qd2 Nd7 10. h3 Bxf3
11. Bxf3 Nf5 12. Bf2 fxe5 13. dxe5 Bh6 14. g3 Nxe5 15. Bg2 Nc4 16. Qc1 e5 17. Ne2 exf4
0-1

[Event "BILL WALTON MEMORIAL"]
[Site "SchemingMind.com"]
[Date "2024.06.07"]
[Round "-"]
[White "Steven DuCharme"]
[Black "eliecercruzr"]
[Result "0-1"]
[WhiteCountry "USA"]
[BlackCountry "CUB"]
[WhiteElo "1551"]
[WhiteRD "53"]
[BlackElo "2429"]
[BlackRD "66"]
[GameID "745146"]

1. Nf3 Nf6 2. c4 e6 3. g3 d5 4. cxd5 exd5 5. Bg2 Bd6 6. O-O O-O 7. Nc3 Re8 8. d3 h6 9. Qc2 c5 10. e4 Nc6
11. a3 Bf8 12. exd5 Nxd5 13. Bd2 Be6 14. Nxd5 Bxd5 15. Bc3 b5 16. Rfe1 Rxe1+ 17. Rxe1 b4 18. axb4 cxb4 19. Bd2 a5 20. Ne5 Bxg2
21. Kxg2 Qd5+ 22. Nf3 Qxf3+
0-1

[Event "BILL WALTON MEMORIAL"]
[Site "SchemingMind.com"]
[Date "2024.06.07"]
[Round "-"]
[White "eliecercruzr"]
[Black "Steven DuCharme"]
[Result "1-0"]
[WhiteCountry "CUB"]
[BlackCountry "USA"]
[WhiteElo "2437"]
[WhiteRD "63"]
[BlackElo "1520"]
[BlackRD "54"]
[GameID "745147"]

1. e4 c5 2. Nf3 Nc6 3. d4 e6 4. d5 exd5 5. exd5 Nd4 6. Nxd4 cxd4 7. Qxd4 d6 8. Bb5+ Bd7 9. Bxd7+ Qxd7 10. O-O Nf6
11. Bh6 Nh5 12. Re1+ Kd8 13. Bg5+ Kc8 14. Qc4+ Kb8 15. Qe2
1-0

[Event "BILL WALTON MEMORIAL"]
[Site "SchemingMind.com"]
[Date "2024.06.08"]
[Round "-"]
[White "Derek Price"]
[Black "eliecercruzr"]
[Result "1/2-1/2"]
[WhiteCountry "ENG"]
[BlackCountry "CUB"]
[WhiteElo "2422"]
[WhiteRD "66"]
[BlackElo "2414"]
[BlackRD "59"]
[GameID "745148"]

1. c4 c5 2. Nf3 Nf6 3. Nc3 Nc6 4. g3 d5 5. cxd5 Nxd5 6. Bg2 g6 7. d4 Bg7 8. O-O cxd4 9. Nxd4 Nxd4 10. Nxd5 Bg4
11. Re1 e5 12. Bd2 Be6 13. e4 Rc8 14. Bc3 O-O 15. Qd3 Re8 16. Rad1 b5 17. h3 Qd7 18. Kh2 f5 19. Bxd4 exd4 20. e5 Bxd5
21. Qxd4 Bc6 22. Qxd7 Bxd7 23. Rxd7 Bxe5 24. Kg1 Bxb2 25. Rb1 Bf6 26. Rxb5= Re7 27. Rxe7 Bxe7 28. Bd5+ Kh8 29. Bb3 Bc5 30. Kg2=
1/2-1/2

[Event "BILL WALTON MEMORIAL"]
[Site "SchemingMind.com"]
[Date "2024.06.07"]
[Round "-"]
[White "eliecercruzr"]
[Black "Derek Price"]
[Result "1/2-1/2"]
[WhiteCountry "CUB"]
[BlackCountry "ENG"]
[WhiteElo "2414"]
[WhiteRD "59"]
[BlackElo "2422"]
[BlackRD "66"]
[GameID "745149"]

1. e4 c5 2. d4 cxd4 3. Qxd4 Nc6 4. Qe3 Nf6 5. Nf3 g6 6. Bc4 Bg7 7. Nc3 O-O 8. O-O d6 9. Rd1 Bg4 10. Bb3 a6
11. h3 Bxf3 12. Qxf3 b5 13. Bg5 h6 14. Bf4 Qc7 15. Rd2 Rac8 16. Rad1 Na5 17. Qe3 Nxb3 18. cxb3 b4 19. Na4 Qb7 20. e5 dxe5
21. Bxe5 Rc6 22. Bxf6 exf6 23. Rd7 Qb8 24. Qf3 Rc7 25. g4 Rxd7 26. Rxd7 Qc8 27. Qd1 Qc6 28. Rd6 Qc7 29. Kg2 a5 30. Nb6 Qe7
31. Rd3 Qe6 32. Rd6 Qe7 33. Rd3 Qe6 34. Nc4 a4 35. Rd6 Qe7 36. Rd7=
1/2-1/2

[Event "BILL WALTON MEMORIAL"]
[Site "SchemingMind.com"]
[Date "2024.06.11"]
[Round "-"]
[White "The Stonewall"]
[Black "eliecercruzr"]
[Result "1/2-1/2"]
[WhiteCountry "ENG"]
[BlackCountry "CUB"]
[WhiteElo "2244"]
[WhiteRD "69"]
[BlackElo "2414"]
[BlackRD "59"]
[GameID "745150"]

1. e4 c5 2. c3 Nf6 3. e5 Nd5 4. Nf3 d6 5. d4 cxd4 6. cxd4 dxe5 7. dxe5 Nc6 8. Bc4 Ndb4 9. O-O Qxd1 10. Rxd1 Bg4
11. Nc3 Bxf3 12. gxf3 Nxe5 13. Bb3 Nbc6 14. Nb5 Rc8 15. Ba4 a6 16. Na7 Rd8 17. Bf4 Rd4 18. Nxc6 Rxd1+ 19. Rxd1 Nxc6 20. Bc7 e5
21. Bxc6+ bxc6 22. Bxe5 h5 23. Bd6 Rh6 24. Bxf8 Kxf8 25. Rc1 Rg6+ 26. Kf1 h4 27. f4 Rf6 28. Rc4 Ke7 29. b3 h3 30. Ke2 Kd6
31. Ra4 Rg6 32. Rxa6 Rg2 33. Ra7 Rxh2 34. Rxf7 Rh1 35. Rxg7 Ra1 36. Rh7 Rxa2+ 37. Ke3 Rb2 38. Ke4 Rxb3 39. Rh6+ Kd7 40. f3 Rc3
41. Rxh3 Ke6 42. Rh6+ Kf7 43. Rd6 Rc4+ 44. Kf5 Rc5+=
1/2-1/2

[Event "BILL WALTON MEMORIAL"]
[Site "SchemingMind.com"]
[Date "2024.06.06"]
[Round "-"]
[White "eliecercruzr"]
[Black "The Stonewall"]
[Result "1/2-1/2"]
[WhiteCountry "CUB"]
[BlackCountry "ENG"]
[WhiteElo "2414"]
[WhiteRD "59"]
[BlackElo "2244"]
[BlackRD "69"]
[GameID "745151"]

1. e4 e5 2. Nf3 Nc6 3. d4 exd4 4. Nxd4 Nf6 5. Nxc6 bxc6 6. Bd3 d5 7. exd5 cxd5 8. O-O Be7 9. c4 O-O 10. cxd5 Nxd5
11. Qf3 Be6 12. Rd1 Bd6 13. h3 Rb8 14. Bc4 c6 15. Nd2 Qc7 16. Ne4 Be5 17. Bb3 Rb5 18. Ng5 Bd7 19. Bc4 Rb4 20. Qe4 g6
21. a3 Rb6 22. Qh4 h5 23. Ra2 a5 24. g4 f6 25. Nf3 hxg4 26. hxg4 Rf7 27. b4 axb4 28. axb4 Rxb4 29. Ra8+ Rb8 30. Rxb8+ Qxb8
31. Rxd5 cxd5 32. Bxd5 Qb1 33. Bxf7+ Kxf7 34. Nxe5+ fxe5 35. Qh7+ Ke6 36. Qg8+ Kf6 37. g5+=
1/2-1/2

[Event "BILL WALTON MEMORIAL"]
[Site "SchemingMind.com"]
[Date "2024.06.06"]
[Round "-"]
[White "Thomas Jacob Kelly"]
[Black "eliecercruzr"]
[Result "0-1"]
[WhiteCountry "USA"]
[BlackCountry "CUB"]
[WhiteElo "1790"]
[WhiteRD "79"]
[BlackElo "2429"]
[BlackRD "66"]
[GameID "745152"]

1. e4 c5 2. Nc3 d6 3. f4 Nc6 4. Nf3 Nf6 5. Bb5 Bd7 6. O-O e6 7. Bxc6 Bxc6 8. d3 Be7 9. Qe1 O-O 10. Ne2 b5
11. a3 a5 12. Kh1 Nh5 13. Neg1 Qc7 14. g4 Nf6 15. h3 Nd7 16. Bd2 b4 17. g5 d5 18. h4 dxe4 19. dxe4 Qb7 20. e5 Be4
21. Qg3 Nb6 22. Kh2 Bxc2 23. Ne1 Bf5 24. h5 Rfd8 25. Be3 Nc4 26. Rf2 bxa3 27. bxa3 Rab8 28. Raa2 Qb1 29. Ng2 Rd1
0-1

[Event "BILL WALTON MEMORIAL"]
[Site "SchemingMind.com"]
[Date "2024.06.06"]
[Round "-"]
[White "eliecercruzr"]
[Black "Thomas Jacob Kelly"]
[Result "1-0"]
[WhiteCountry "CUB"]
[BlackCountry "USA"]
[WhiteElo "2437"]
[WhiteRD "63"]
[BlackElo "1765"]
[BlackRD "85"]
[GameID "745153"]

1. e4 e6 2. d4 d5 3. Nc3 Nf6 4. Bg5 Bb4 5. e5 h6 6. exf6 hxg5 7. fxg7 Rg8 8. Qg4 Rxg7 9. h4 e5 10. Qe2 Nc6
11. hxg5 Nxd4 12. Rh8+ Bf8 13. Qxe5+ Ne6 14. f4 c6 15. O-O-O b6 16. Ne4 Qc7 17. Rxd5 cxd5 18. Nf6+
1-0

[Event "BILL WALTON MEMORIAL"]
[Site "SchemingMind.com"]
[Date "2024.06.19"]
[Round "-"]
[White "Steven DuCharme"]
[Black "Chessibelle"]
[Result "1-0"]
[WhiteCountry "USA"]
[BlackCountry "ENG"]
[WhiteElo "1551"]
[WhiteRD "53"]
[BlackElo "973"]
[BlackRD "62"]
[GameID "745476"]

1. Nf3 d6 2. d4 h6 3. h4 d5 4. g3 Nf6 5. Bg2 e6 6. O-O Be7 7. Nbd2 Nc6 8. Re1 O-O 9. e4 b6 10. c3 Nd7
11. exd5 exd5 12. b3 Bd6 13. a4 Nf6 14. Ba3 Ne8 15. b4 Ne7 16. c4 Nf6 17. c5 g6 18. cxd6 Qxd6 19. b5 Qd8 20. Bxe7 Qd7
21. Bxf6 Qf5 22. Be5 a6 23. Bxc7 Bb7 24. Re5 Qd7 25. Bxb6 f6 26. Re1 Qd6 27. Bc5 Qd7 28. Bxf8 Kxf8 29. Qb1 Kf7 30. b6 f5
31. Ne5+
1-0

[Event "BILL WALTON MEMORIAL"]
[Site "SchemingMind.com"]
[Date "2024.06.19"]
[Round "-"]
[White "Chessibelle"]
[Black "Steven DuCharme"]
[Result "0-1"]
[WhiteCountry "ENG"]
[BlackCountry "USA"]
[WhiteElo "973"]
[WhiteRD "62"]
[BlackElo "1551"]
[BlackRD "53"]
[GameID "745477"]

1. Nf3 Nf6 2. d4 b6 3. g3 Bb7 4. e3 g6 5. Be2 Bg7 6. Nc3 O-O 7. Bd2 d6 8. b3 Nbd7 9. e4 h6 10. Be3 Nxe4
11. Qd3 Nxc3 12. Qxc3 c5 13. Qd2 Kh7 14. O-O-O a5 15. c3 cxd4 16. cxd4 Be4 17. Rhg1 Rc8+ 18. Bc4 b5 19. Qc3 Bxf3 20. Rde1 bxc4
21. bxc4 Nc5 22. Qc2 Be4 23. dxc5 Bxc2 24. Kxc2 dxc5 25. f4 Qb6 26. Kd3 Rfd8+ 27. Ke2 Qb2+ 28. Kf3 f5 29. Re2 Qb7+ 30. Kf2 Rd3
31. Rge1 Bd4 32. a4 Rb8 33. Kf1 Qh1+ 34. Bg1 Qxg1#
0-1

[Event "BILL WALTON MEMORIAL"]
[Site "SchemingMind.com"]
[Date "2024.06.20"]
[Round "-"]
[White "Derek Price"]
[Black "Chessibelle"]
[Result "1-0"]
[WhiteCountry "ENG"]
[BlackCountry "ENG"]
[WhiteElo "2412"]
[WhiteRD "81"]
[BlackElo "973"]
[BlackRD "62"]
[GameID "745478"]

1. c4 e5 2. Nc3 Nc6 3. g3 b6 4. Bg2 Bb7 5. Nf3 g6 6. Nxe5 Rb8 7. Nxc6 dxc6 8. O-O Nf6 9. Qa4 a5 10. Bxc6+ Bxc6
11. Qxc6+ Nd7 12. Nd5 Bg7 13. Qxc7 Qg5 14. d4 Qg4 15. Qd6 Bf8 16. Qf6 Rg8 17. Nc7#
1-0

[Event "BILL WALTON MEMORIAL"]
[Site "SchemingMind.com"]
[Date "2024.06.19"]
[Round "-"]
[White "The Stonewall"]
[Black "Chessibelle"]
[Result "1-0"]
[WhiteCountry "ENG"]
[BlackCountry "ENG"]
[WhiteElo "2229"]
[WhiteRD "73"]
[BlackElo "1010"]
[BlackRD "61"]
[GameID "745480"]

1. e4 e5 2. Nc3 a6 3. Nf3 Nc6 4. d4 Nf6 5. dxe5 Ng4 6. Bg5 Ne7 7. Bc4 c6 8. h3 f6 9. hxg4 fxg5 10. Nxg5 h6
11. Bf7#
1-0

[Event "BILL WALTON MEMORIAL"]
[Site "SchemingMind.com"]
[Date "2024.06.19"]
[Round "-"]
[White "Chessibelle"]
[Black "The Stonewall"]
[Result "0-1"]
[WhiteCountry "ENG"]
[BlackCountry "ENG"]
[WhiteElo "973"]
[WhiteRD "62"]
[BlackElo "2220"]
[BlackRD "71"]
[GameID "745481"]

1. Nf3 Nc6 2. d4 d5 3. e3 Bg4 4. Be2 e6 5. Bd2 Nf6 6. b3 Bd6 7. g3 O-O 8. Nc3 Qd7 9. Bd3 e5 10. O-O e4
11. Be2 exf3 12. Bd3 Nb4 13. Bb5 c6 14. Bd3 Nxd3 15. cxd3 Bh5 16. Re1 Qh3 17. e4 Qg2#
0-1

[Event "BILL WALTON MEMORIAL"]
[Site "SchemingMind.com"]
[Date "2024.06.19"]
[Round "-"]
[White "Chessibelle"]
[Black "Thomas Jacob Kelly"]
[Result "0-1"]
[WhiteCountry "ENG"]
[BlackCountry "USA"]
[WhiteElo "1010"]
[WhiteRD "61"]
[BlackElo "1765"]
[BlackRD "85"]
[GameID "745482"]

1. Nf3 d6 2. d4 g6 3. e3 Nc6 4. g3 Bg4 5. Be2 Qd7 6. h3 Bxh3 7. Ng5 Bg2 8. Rh2 Bd5 9. Bg4 e6 10. Nc3 f5
11. b3 O-O-O 12. Be2 Nf6 13. Bd2 h5 14. Bd3 Ng4 15. Qc1 a6 16. Rh3 Be7 17. Nf7 h4 18. Nxh8 Rxh8 19. Qa3 Bg2 20. Bxa6 Bxh3
21. Bb5 Kb8 22. b4 Bg2 23. Ke2 h3 24. f3 h2 25. Qb3 h1=Q 26. Nd1 Qf1#
0-1

[Event "BILL WALTON MEMORIAL"]
[Site "SchemingMind.com"]
[Date "2024.06.19"]
[Round "-"]
[White "Thomas Jacob Kelly"]
[Black "Chessibelle"]
[Result "1-0"]
[WhiteCountry "USA"]
[BlackCountry "ENG"]
[WhiteElo "1765"]
[WhiteRD "85"]
[BlackElo "1010"]
[BlackRD "61"]
[GameID "745483"]

1. e4 e5 2. Bc4 Nf6 3. d4 Bd6 4. Nf3 Nxe4 5. dxe5 Bc5 6. Bxf7+ Kxf7 7. Qd5+ Ke7 8. Qxe4 b6 9. Bg5+ Ke6 10. Bxd8 Rxd8
11. Ng5+ Ke7 12. Qd5 d6 13. Qf7#
1-0

[Event "BILL WALTON MEMORIAL"]
[Site "SchemingMind.com"]
[Date "2024.06.19"]
[Round "-"]
[White "Chessibelle"]
[Black "eliecercruzr"]
[Result "0-1"]
[WhiteCountry "ENG"]
[BlackCountry "CUB"]
[WhiteElo "973"]
[WhiteRD "62"]
[BlackElo "2429"]
[BlackRD "66"]
[GameID "745484"]

1. Nf3 c5 2. c4 Nc6 3. e3 e6 4. g3 d5 5. Be2 Nf6 6. d3 Be7 7. Nbd2 e5 8. O-O O-O 9. b3 d4 10. Re1 dxe3
11. fxe3 Ng4 12. Ne4 f5 13. Bb2 fxe4 14. Nd2 Nf2 15. Qc2 exd3 16. Qc3 Nh3+ 17. Kg2 Rf2+ 18. Kh1 Rxe2 19. Rf1 Bg4 20. Ne4 Rc2
21. Qe1 Rxb2 22. Qc1 Rc2 23. Qb1 Be2 24. Re1 Bf3#
0-1

[Event "BILL WALTON MEMORIAL"]
[Site "SchemingMind.com"]
[Date "2024.06.19"]
[Round "-"]
[White "eliecercruzr"]
[Black "Chessibelle"]
[Result "1-0"]
[WhiteCountry "CUB"]
[BlackCountry "ENG"]
[WhiteElo "2429"]
[WhiteRD "66"]
[BlackElo "973"]
[BlackRD "62"]
[GameID "745485"]

1. e4 e5 2. Nf3 Nc6 3. Bc4 h6 4. d4 Bb4+ 5. c3 Bd6 6. O-O Nf6 7. Bd5 Nxd5 8. exd5 Ne7 9. dxe5 Bc5 10. d6 Nf5
11. Qd5 Bb6 12. a4 O-O 13. a5 c6 14. Qd3 g6 15. axb6 Qxb6 16. Nbd2 Qd8 17. Ne4 Kh8 18. g4 Nh4 19. Bxh6 a6 20. Nf6 Qb6
21. Bxf8 Qd8 22. Bh6 b5 23. Nxh4 c5 24. Qxg6 fxg6 25. Nxg6#
1-0

[Event "BILL WALTON MEMORIAL"]
[Site "SchemingMind.com"]
[Date "2024.06.23"]
[Round "-"]
[White "Steven DuCharme"]
[Black "capablanca"]
[Result "1-0"]
[WhiteCountry "USA"]
[BlackCountry "GER"]
[WhiteElo "1551"]
[WhiteRD "53"]
[BlackElo "1670"]
[BlackRD "69"]
[GameID "745504"]

1. g3 d5 2. Bg2 Nf6 3. Nf3 Nc6 4. d4 Bf5 5. O-O e6 6. a3 Be7 7. Nbd2 Be4 8. b3 O-O 9. Bb2 Bxf3 10. Nxf3 Ne4
11. c4 Bf6 12. Rc1 dxc4 13. bxc4 Ne7 14. Qc2 Ng5 15. Nxg5 Bxg5 16. f4 Bf6 17. Rfd1 c6 18. e4 Nc8 19. e5 Be7 20. Kh1 Rb8
21. d5 cxd5 22. cxd5 exd5 23. Rxd5 Qb6 24. Bd4 Qe6 25. f5 Qh6 26. Rd7 b6 27. f6 Bxa3 28. Rf1 b5 29. Bxa7 Nxa7 30. Rxa7 b4
31. fxg7 Kxg7 32. Bd5 Qh5 33. Rfxf7+ Rxf7 34. Rxf7+ Kh8 35. Rf5 Qe8 36. Qb3 Rd8 37. h4 Rc8 38. Kh2 Rc3 39. Qd1 Rc1 40. Qd4 Rc2+
41. Kh3 Bb2 42. Qf4 Bxe5 43. Qxe5+
1-0

[Event "BILL WALTON MEMORIAL"]
[Site "SchemingMind.com"]
[Date "2024.06.23"]
[Round "-"]
[White "capablanca"]
[Black "Steven DuCharme"]
[Result "0-1"]
[WhiteCountry "GER"]
[BlackCountry "USA"]
[WhiteElo "1670"]
[WhiteRD "69"]
[BlackElo "1551"]
[BlackRD "53"]
[GameID "745505"]

1. e4 c5 2. Nf3 Nc6 3. d4 cxd4 4. Nxd4 Nf6 5. Nc3 e6 6. a3 Be7 7. Bg5 O-O 8. Nxc6 bxc6 9. e5 Nd5 10. Bxe7 Qxe7
11. Ne4 f6 12. exf6 Nxf6 13. Bd3 d5 14. Ng3 e5 15. O-O e4 16. Re1 Qf7 17. Bf1 a5 18. b3 Be6 19. a4 h5 20. h4 Ng4
21. f3 Qf4
0-1

[Event "BILL WALTON MEMORIAL"]
[Site "SchemingMind.com"]
[Date "2024.06.24"]
[Round "-"]
[White "capablanca"]
[Black "Derek Price"]
[Result "0-1"]
[WhiteCountry "GER"]
[BlackCountry "ENG"]
[WhiteElo "1670"]
[WhiteRD "69"]
[BlackElo "2412"]
[BlackRD "81"]
[GameID "745506"]

1. e4 c5 2. Nf3 d6 3. d4 cxd4 4. Nxd4 Nf6 5. Nc3 a6 6. Bd2 e5 7. Nb3 Be7 8. Bd3 O-O 9. O-O Be6 10. Be3 Nbd7
11. Ne2 d5 12. exd5 Nxd5 13. Bd2 Qc7 14. a3 Rfd8 15. c3 N5f6 16. Bb1 Nf8 17. Qc2 Bxb3
0-1

[Event "BILL WALTON MEMORIAL"]
[Site "SchemingMind.com"]
[Date "2024.06.23"]
[Round "-"]
[White "Derek Price"]
[Black "capablanca"]
[Result "1-0"]
[WhiteCountry "ENG"]
[BlackCountry "GER"]
[WhiteElo "2422"]
[WhiteRD "66"]
[BlackElo "1679"]
[BlackRD "71"]
[GameID "745507"]

1. c4 e5 2. Nc3 Nf6 3. Nf3 Nc6 4. g3 Bc5 5. Bg2 d6 6. O-O Be6 7. d3 Rb8 8. b3 O-O 9. Na4 Bb6 10. Nxb6 axb6
11. Bb2 Ne7 12. Ne1 Ng6 13. e4 Ra8 14. Nc2 Qd7 15. f4 Bh3 16. f5 Bxg2 17. Kxg2 Ne7 18. a4 c6 19. Ne3 d5 20. Bxe5 dxe4
21. Bxf6 gxf6 22. dxe4 Qxd1 23. Raxd1 Rad8 24. Kf3 Nc8 25. Ng4 Kg7 26. e5 fxe5 27. f6+ Kg6 28. Nxe5+ Kxf6 29. Nd7+
1-0